| 000 | 01696nam2a2200265 4500 | ||
|---|---|---|---|
| 001 | rc\2993011 | ||
| 005 | 20260315063240.0 | ||
| 035 | _a(NLR Aleph) 007136905 | ||
| 090 |
_a13613839 _c13613839 |
||
| 100 | _a20110915d1980 u y0rusy50 ca | ||
| 101 | 0 | _arus | |
| 102 | _aRU | ||
| 105 | _ay z ||||| | ||
| 200 | 1 |
_aКнига приплода _h[Вып. 1] _fМ-во сел. хоз-ва СССР, Гл. упр. животноводства (с Гос. инспекцией по плем. делу), Гл. упр. коневодства и конезаводства |
|
| 210 |
_aМосква _cКолос _d1980 |
||
| 215 |
_a375 с. _d24 см |
||
| 300 | _aОбщее загл.: Государственная племенная книга лошадей орловской рысистой породы | ||
| 320 | _aАлф. указ.: с. 317-374 | ||
| 461 | 0 |
_1001rc\2992998 _12001#$aГосударственная племенная книга рысистых лошадей$fГл. упр. коневодства НКЗ СССР и Всес. науч.-исслед. ин-т коневодства$vТ. 10. Дополнение _97015836 _cМосква _d1936-1989 _e2-е изд., доп. и перераб. _fГл. упр. коневодства НКЗ СССР и Всес. науч.-исслед. ин-т коневодства _nСельхозгиз _tГосударственная племенная книга рысистых лошадей _vТ. 10. Дополнение |
|
| 712 | 0 | 1 |
_aСССР _bГлавное управление животноводства _4570 |
| 801 | 0 |
_aRU _bNLR _gpsbo |
|
| 801 | 1 |
_aRU _bELAR _2rusmarc |
|
| 852 |
_aNLR _bС _j90 Г-5/76 |
||
| 942 | _cUNSPEC | ||
| 980 | _aNB | ||